000 00604nam a2200181 i 4500
001 72062
003 ES-MaACL
005 20230906171320.0
007 t|
008 040825s1971 sp af |||| | spa d
100 1 _aGil Olcina, Antonio.
_956853
245 1 3 _aEl campo de Lorca
_b: estudio de geografía agraria /
_cAntonio Gil Olcina.
260 _aValencia :
_bInstituto Juan Sebastián Elcano,
_c1971.
300 _a207 p., 20 lám. :
_bil. ;
_c24 cm.
651 4 _aLorca (Murcia)-
_xGeografía agrícola.
_9169483
710 2 _aInstituto "Juan Sebastián Elcano"
_95113
852 _aES-MaACL
_jC-45039
999 _c72062
_d72062